000 00669nmc a2200265 a 4500
003 AR-BaBNM
005 20251128203854.0
008 266019s1967 ||||||||||||||000 | spa||
040 _cAR-BaBNM
100 1 _aMédici, Angéla
245 1 0 _aLa nueva educación
260 _aBuenos Aires
_bTroquel
_c1967
300 0 _a116 p.
490 0 _aEl tema del hombre
600 1 4 _aMontessori, María
600 1 4 _aDecroly, Ovide
650 4 _aTEORIAS DE LA EDUCACION
650 4 _aPEDAGOGIA
650 4 _aTEORIAS DEL APRENDIZAJE
650 4 _aORGANIZACION DE LA EDUCACION
653 0 _aPEDAGOGOS
700 1 _aBourillons, V.D.
942 _cBK
998 _csilvi
999 _c5271
_d5271